| 000 | 00349nam a2200133Ia 4500 | ||
|---|---|---|---|
| 008 | 210210b1968 xxu||||| |||| 00| 0 eng d | ||
| 082 | _a300.72 STEH | ||
| 100 | _aSTEPHENS (William N). | ||
| 245 | _aHypotheses and evidence. | ||
| 260 |
_aNew York. _bThomas Y Crowell company _c1968 |
||
| 300 | _ax,223 | ||
| 690 | _aSocial Research | ||
| 906 | _a040864 | ||
| 999 |
_c90944 _d90944 |
||